| Tag |
First Indicator |
Second Indicator |
Subfields |
| LEADER |
00000cam a2200000 4500 |
| 001 |
in00000065391 |
| 005 |
20151008051833.0 |
| 008 |
740919s1966 pau b 00000 eng u |
| 010 |
|
|
|a 65024539
|
| 035 |
|
|
|a (OCoLC)01016196
|
| 035 |
|
|
|9 AAH0277AM
|
| 040 |
|
|
|c CWR
|d TXA
|d UtOrBLW
|
| 049 |
|
|
|a TXAM
|c [467707]
|
| 050 |
0 |
0 |
|a HV6248.B38
|b A3 1966
|
| 082 |
0 |
|
|a 364.3
|
| 092 |
|
|
|a 364.3
|b B372c, 1966
|
| 100 |
1 |
|
|a Beauchamp, Jereboam O.,
|d 1802-1826.
|
| 245 |
1 |
4 |
|a The confession of Jereboam O. Beauchamp /
|c edited by Robert D. Bamberg.
|
| 264 |
|
1 |
|a Philadelphia :
|b University of Pennsylvania Press,
|c [1966]
|
| 300 |
|
|
|a 146 pages ;
|c 21 cm.
|
| 336 |
|
|
|a text
|b txt
|2 rdacontent
|
| 337 |
|
|
|a unmediated
|b n
|2 rdamedia
|
| 338 |
|
|
|a volume
|b nc
|2 rdacarrier
|
| 490 |
0 |
|
|a The Mathew Carey library of English and American literature, 2
|
| 500 |
|
|
|a With facsim. of original title page reading: The confession of Jereboam O. Beauchamp ... to which is added some poetical pieces written by Mrs. Ann Beauchamp ... Bloomfield, Ky., Printed for the publisher, 1826.
|
| 504 |
|
|
|a Includes bibliographical references.
|
| 600 |
1 |
0 |
|a Sharp, Solomon P.,
|d 1787-1825.
|
| 700 |
1 |
|
|a Beauchamp, Ann,
|d 1786-1826.
|
| 700 |
1 |
|
|a Bamberg, Robert D.
|
| 999 |
|
|
|a MARS
|
| 999 |
f |
f |
|s 40cc7bd1-e5bd-36ae-a1c4-d2e4feeeccc0
|i 98288662-d740-33f6-b401-833696435ee3
|t 0
|
| 952 |
f |
f |
|p ric
|a Texas A&M University
|b Rellis Campus
|c Joint Library Facility
|d Remote Storage
|t 0
|e HV6248.B38 A3 1966
|h Library of Congress classification
|i unmediated -- volume
|m A14800813183
|
| 998 |
f |
f |
|a HV6248.B38 A3 1966
|t 0
|l Remote Storage
|